| 000 | 00455nam a2200181Ia 4500 | ||
|---|---|---|---|
| 008 | 240925s9999 xx 000 0 und d | ||
| 020 | _a534924921 | ||
| 082 | _a515 SWO | ||
| 100 | _aSwokowski, Earl W. | ||
| 245 | 0 | _aCalculus | |
| 250 | _a5th | ||
| 260 |
_aBoston: _bPWS Kent publishing Co _c,1991. |
||
| 300 |
_axix,479p. _bNA _fOriginal |
||
| 500 | _aIncludes Index | ||
| 600 | _aHumanities & Natural Science | ||
| 650 | _aMathematics | ||
| 942 | _cBK | ||
| 999 |
_c2806 _d2806 |
||